<?xml version="1.0" encoding="UTF-8"?>
<record
    xmlns:xsi="http://www.w3.org/2001/XMLSchema-instance"
    xsi:schemaLocation="http://www.loc.gov/MARC21/slim http://www.loc.gov/standards/marcxml/schema/MARC21slim.xsd"
    xmlns="http://www.loc.gov/MARC21/slim">

  <leader>03491nam a2200481 u 4500</leader>
  <controlfield tag="001">1538319</controlfield>
  <controlfield tag="003">CO-MdUADB</controlfield>
  <controlfield tag="005">20260508093653.0</controlfield>
  <controlfield tag="008">191118s2017                        spa  </controlfield>
  <datafield tag="020" ind1=" " ind2=" ">
    <subfield code="a">9786075262758</subfield>
  </datafield>
  <datafield tag="020" ind1=" " ind2=" ">
    <subfield code="a">9786075262758</subfield>
  </datafield>
  <datafield tag="020" ind1=" " ind2=" ">
    <subfield code="a">9786075262796</subfield>
  </datafield>
  <datafield tag="035" ind1=" " ind2=" ">
    <subfield code="a">1538319</subfield>
  </datafield>
  <datafield tag="040" ind1=" " ind2=" ">
    <subfield code="c">comduadb</subfield>
  </datafield>
  <datafield tag="041" ind1=" " ind2=" ">
    <subfield code="a">spa</subfield>
  </datafield>
  <datafield tag="082" ind1=" " ind2="4">
    <subfield code="a">512</subfield>
  </datafield>
  <datafield tag="100" ind1="1" ind2="0">
    <subfield code="a">Stewart, James,</subfield>
    <subfield code="d">1941-2014</subfield>
    <subfield code="4">aut</subfield>
    <subfield code="0">(isni)0000000109304439</subfield>
    <subfield code="0">(viaf)107039047</subfield>
    <subfield code="e">aut</subfield>
    <subfield code="9">242992</subfield>
  </datafield>
  <datafield tag="245" ind1="1" ind2="0">
    <subfield code="a">Prec&#xE1;lculo : matem&#xE1;ticas para el c&#xE1;lculo</subfield>
  </datafield>
  <datafield tag="246" ind1="1" ind2=" ">
    <subfield code="a">Precalculus: mathematics for calculus.</subfield>
  </datafield>
  <datafield tag="250" ind1=" " ind2=" ">
    <subfield code="a">7. edici&#xF3;n</subfield>
  </datafield>
  <datafield tag="260" ind1=" " ind2=" ">
    <subfield code="a">M&#xE9;xico :</subfield>
    <subfield code="b">Cengage Learning,</subfield>
    <subfield code="c">2017.</subfield>
  </datafield>
  <datafield tag="300" ind1=" " ind2=" ">
    <subfield code="a">xx, 947 p&#xE1;ginas :</subfield>
    <subfield code="b">ilustraciones, gr&#xE1;ficos, tablas.</subfield>
  </datafield>
  <datafield tag="505" ind1=" " ind2=" ">
    <subfield code="a">CONTENIDO : Prefacio. -- Pr&#xF3;logo: principios de resoluci&#xF3;n de problemas. -- 1. Fundamentos. -- 2. Funciones. -- 3. Funciones polinomiales y racionales. -- 4. Funciones exponenciales y logar&#xED;tmicas. -- 5. Funciones trigonom&#xE9;tricas : m&#xE9;todo de la circunferencia unitaria. -- 6. Funciones trigonom&#xE9;tricas : m&#xE9;todo del tri&#xE1;ngulo rect&#xE1;ngulo. -- 7. Trigonometr&#xED;a anal&#xED;tica. -- 8. Coordenadas polares y ecuaciones param&#xE9;tricas. -- 9. Vectores en dos y tres dimensiones. -- 10. Sistemas de ecuaciones y desigualdades. -- 11. Secciones c&#xF3;nicas. -- 12. Sucesiones y series. -- 13. L&#xED;mites : una mirada previa al c&#xE1;lculo. -- Ap&#xE9;ndices. -- Respuestas. -- &#xCD;ndice.</subfield>
  </datafield>
  <datafield tag="520" ind1="3" ind2=" ">
    <subfield code="a">RESUMEN: Prec&#xE1;lculo. Matem&#xE1;ticas para el c&#xE1;lculo, proporciona a los estudiantes las herramientas necesarias para prepararlos en esta materia. El estudiante de c&#xE1;lculo requiere no s&#xF3;lo conocimientos t&#xE9;cnicos, sino tambi&#xE9;n una clara comprensi&#xF3;n de los conceptos y es por ello que esta obra promueve que la comprensi&#xF3;n conceptual y los conocimientos t&#xE9;cnicos vayan de la mano y se refuercen entre s&#xED;.
Sus alumnos aprender&#xE1;n a valorar el poder y la utilidad de las matem&#xE1;ticas para modelar el mundo real, ya que todos los temas que conforman este texto est&#xE1;n encaminados a alcanzar dicho objetivo, adem&#xE1;s de estar organizados de tal forma que abarcan diferentes estilos de ense&#xF1;anza. En particular, cada tema se presenta algebraicamente, gr&#xE1;ficamente, num&#xE9;ricamente y verbalmente enfatizando las relaciones entre cada tipo de representaci&#xF3;n.
El prop&#xF3;sito de esta s&#xE9;ptima edici&#xF3;n de Prec&#xE1;lculo. Matem&#xE1;ticas para el c&#xE1;lculo, es reafirmar la utilidad del libro como herramienta de ense&#xF1;anza para los profesores y, para los estudiantes, como herramienta de aprendizaje.</subfield>
  </datafield>
  <datafield tag="650" ind1=" " ind2="7">
    <subfield code="a">C&#xE1;lculo</subfield>
    <subfield code="2">lemb</subfield>
    <subfield code="9">43718</subfield>
  </datafield>
  <datafield tag="650" ind1=" " ind2="7">
    <subfield code="a">Funciones trigonom&#xE9;tricas</subfield>
    <subfield code="2">lemb</subfield>
    <subfield code="9">173161</subfield>
  </datafield>
  <datafield tag="650" ind1=" " ind2=" ">
    <subfield code="a">Funciones matem&#xE1;ticas</subfield>
    <subfield code="9">113732</subfield>
  </datafield>
  <datafield tag="650" ind1=" " ind2="7">
    <subfield code="a">Funciones exponenciales</subfield>
    <subfield code="2">lemb</subfield>
    <subfield code="9">4841</subfield>
  </datafield>
  <datafield tag="650" ind1=" " ind2="7">
    <subfield code="a">Geometr&#xED;a anal&#xED;tica</subfield>
    <subfield code="2">lemb</subfield>
    <subfield code="9">4691</subfield>
  </datafield>
  <datafield tag="650" ind1=" " ind2=" ">
    <subfield code="a">Coordenadas polares</subfield>
    <subfield code="9">93021</subfield>
  </datafield>
  <datafield tag="650" ind1=" " ind2=" ">
    <subfield code="a">Vectores (Matem&#xE1;ticas)</subfield>
    <subfield code="9">198278</subfield>
  </datafield>
  <datafield tag="650" ind1=" " ind2="7">
    <subfield code="a">Ecuaciones lineales</subfield>
    <subfield code="2">lemb</subfield>
    <subfield code="9">23187</subfield>
  </datafield>
  <datafield tag="650" ind1=" " ind2="7">
    <subfield code="a">Secciones c&#xF3;nicas</subfield>
    <subfield code="2">lemb</subfield>
    <subfield code="9">40720</subfield>
  </datafield>
  <datafield tag="650" ind1=" " ind2="7">
    <subfield code="a">Sucesiones (Matem&#xE1;ticas)</subfield>
    <subfield code="2">lemb</subfield>
    <subfield code="9">41496</subfield>
  </datafield>
  <datafield tag="650" ind1=" " ind2="7">
    <subfield code="a">C&#xE1;lculo</subfield>
    <subfield code="2">lemb</subfield>
    <subfield code="9">43718</subfield>
  </datafield>
  <datafield tag="700" ind1="1" ind2="0">
    <subfield code="a">Redlin, Lothar,</subfield>
    <subfield code="d">1952-</subfield>
    <subfield code="4">aut</subfield>
    <subfield code="e">aut</subfield>
    <subfield code="9">365281</subfield>
  </datafield>
  <datafield tag="700" ind1="1" ind2="0">
    <subfield code="a">Watson, Saleem,</subfield>
    <subfield code="d">1952-</subfield>
    <subfield code="4">aut</subfield>
    <subfield code="e">aut</subfield>
    <subfield code="9">365282</subfield>
  </datafield>
  <datafield tag="700" ind1="1" ind2="0">
    <subfield code="a">Panman, Phyllis</subfield>
    <subfield code="4">clb</subfield>
    <subfield code="e">clb</subfield>
    <subfield code="9">801779</subfield>
  </datafield>
  <datafield tag="700" ind1="1" ind2="0">
    <subfield code="a">Le&#xF3;n C&#xE1;rdenas, Javier</subfield>
    <subfield code="4">trl</subfield>
    <subfield code="0">(viaf)73652005</subfield>
    <subfield code="e">trl</subfield>
    <subfield code="9">396286</subfield>
  </datafield>
  <datafield tag="700" ind1="1" ind2="0">
    <subfield code="a">Garc&#xED;a Hern&#xE1;ndez, Ana Elizabeth</subfield>
    <subfield code="4">rev</subfield>
    <subfield code="0">(viaf)41651085</subfield>
    <subfield code="e">rev</subfield>
    <subfield code="9">390863</subfield>
  </datafield>
  <datafield tag="856" ind1="4" ind2=" ">
    <subfield code="u">https://login.udea.lookproxy.com/login?url=https://www.ebooks7-24.com:443/?il=3753</subfield>
  </datafield>
  <datafield tag="942" ind1=" " ind2=" ">
    <subfield code="c">BOOK</subfield>
    <subfield code="2">ddc</subfield>
  </datafield>
  <datafield tag="999" ind1=" " ind2=" ">
    <subfield code="c">805349</subfield>
    <subfield code="d">805349</subfield>
  </datafield>
  <datafield tag="952" ind1=" " ind2=" ">
    <subfield code="0">0</subfield>
    <subfield code="1">0</subfield>
    <subfield code="2">ddc</subfield>
    <subfield code="4">0</subfield>
    <subfield code="7">0</subfield>
    <subfield code="8">GEN</subfield>
    <subfield code="a">BC</subfield>
    <subfield code="b">BC</subfield>
    <subfield code="d">2019-11-18</subfield>
    <subfield code="e">Benedetti</subfield>
    <subfield code="g">105000.00</subfield>
    <subfield code="i">C1324047</subfield>
    <subfield code="l">15</subfield>
    <subfield code="m">7</subfield>
    <subfield code="o">512.1 S849 2017</subfield>
    <subfield code="p">01086852</subfield>
    <subfield code="q">2026-05-14</subfield>
    <subfield code="r">2026-03-03 18:21:24</subfield>
    <subfield code="s">2026-03-03</subfield>
    <subfield code="t">1</subfield>
    <subfield code="w">2023-05-04</subfield>
    <subfield code="y">BOOK</subfield>
  </datafield>
  <datafield tag="952" ind1=" " ind2=" ">
    <subfield code="0">0</subfield>
    <subfield code="1">0</subfield>
    <subfield code="2">ddc</subfield>
    <subfield code="4">0</subfield>
    <subfield code="7">0</subfield>
    <subfield code="8">GEN</subfield>
    <subfield code="a">BC</subfield>
    <subfield code="b">BC</subfield>
    <subfield code="d">2023-09-21</subfield>
    <subfield code="e">Librer&#xED;a Universidad de Antioquia</subfield>
    <subfield code="f">COMP</subfield>
    <subfield code="g">196350.00</subfield>
    <subfield code="l">17</subfield>
    <subfield code="m">6</subfield>
    <subfield code="o">512.1 S849 2017 e2</subfield>
    <subfield code="p">01094164</subfield>
    <subfield code="q">2026-06-12</subfield>
    <subfield code="r">2026-05-11 09:39:38</subfield>
    <subfield code="s">2026-05-11</subfield>
    <subfield code="w">2023-09-21</subfield>
    <subfield code="y">BOOK</subfield>
  </datafield>
</record>
